<?xml version="1.0" encoding="UTF-8"?>
<record
    xmlns:xsi="http://www.w3.org/2001/XMLSchema-instance"
    xsi:schemaLocation="http://www.loc.gov/MARC21/slim http://www.loc.gov/standards/marcxml/schema/MARC21slim.xsd"
    xmlns="http://www.loc.gov/MARC21/slim">

  <leader>02331nam a22004457a 4500</leader>
  <controlfield tag="001">BRCA_9239</controlfield>
  <controlfield tag="003">FranzMayer</controlfield>
  <controlfield tag="005">20221004160329.0</controlfield>
  <controlfield tag="008">220930b        |||||||| |||| 00| 0 eng d</controlfield>
  <datafield tag="020" ind1=" " ind2=" ">
    <subfield code="a">9786076055298</subfield>
  </datafield>
  <datafield tag="040" ind1=" " ind2=" ">
    <subfield code="b">spa</subfield>
    <subfield code="c">MFM</subfield>
  </datafield>
  <datafield tag="041" ind1=" " ind2=" ">
    <subfield code="a">spa</subfield>
  </datafield>
  <datafield tag="050" ind1=" " ind2=" ">
    <subfield code="a">N6537.C8</subfield>
    <subfield code="b">L46 2018</subfield>
  </datafield>
  <datafield tag="245" ind1=" " ind2=" ">
    <subfield code="a">Leonora Carrington : </subfield>
    <subfield code="b">cuentos m&#xE1;gicos</subfield>
  </datafield>
  <datafield tag="260" ind1=" " ind2=" ">
    <subfield code="a">M&#xE9;xico : </subfield>
    <subfield code="b">Secretar&#xED;a de Cultura,</subfield>
    <subfield code="c">2018</subfield>
  </datafield>
  <datafield tag="260" ind1=" " ind2=" ">
    <subfield code="a">M&#xE9;xico : </subfield>
    <subfield code="b">Instituto Nacional de Bellas Artes / Museo del Palacio de Bellas Artes, </subfield>
    <subfield code="c">2018</subfield>
  </datafield>
  <datafield tag="300" ind1=" " ind2=" ">
    <subfield code="a">482 pp. :</subfield>
    <subfield code="b">il. fot. ; </subfield>
    <subfield code="c">24 x 31 cm. </subfield>
  </datafield>
  <datafield tag="490" ind1=" " ind2=" ">
    <subfield code="a">Galer&#xED;a y Museos</subfield>
  </datafield>
  <datafield tag="500" ind1=" " ind2=" ">
    <subfield code="a">Libro de la exposici&#xF3;n "Leonora Carrington: Cuentos m&#xE1;gicos" que se present&#xF3; en el Museo de Arte Moderno de la Ciudad de M&#xE9;xico (21 de abril - 23 de septiembre 2018)</subfield>
  </datafield>
  <datafield tag="505" ind1=" " ind2=" ">
    <subfield code="t">Introducci&#xF3;n / </subfield>
    <subfield code="r">Tere Arcq y Stefan van Raay</subfield>
  </datafield>
  <datafield tag="505" ind1=" " ind2=" ">
    <subfield code="t">La joven artista. Francia y Nueva York, 1937-1942 / </subfield>
    <subfield code="r">Stefan van Raay con aportaciones de Joana Moorhead</subfield>
  </datafield>
  <datafield tag="505" ind1=" " ind2=" ">
    <subfield code="t">Las dos Leonoras: Leonora Carrington y Leonora Fini, St. Martin D' Ard&#xE8;che, 1938-1941 / </subfield>
    <subfield code="r">Whitney Chadwick</subfield>
  </datafield>
  <datafield tag="505" ind1=" " ind2=" ">
    <subfield code="t">En su viaje hacia lo desconocido, Leonora Carrington pas&#xF3; por Nueva York / </subfield>
    <subfield code="r">Salomon Grimberg</subfield>
  </datafield>
  <datafield tag="505" ind1=" " ind2=" ">
    <subfield code="t">A mayor sombra, mayor luminosidad / </subfield>
    <subfield code="r">Jaime Moreno Villarreal</subfield>
  </datafield>
  <datafield tag="505" ind1=" " ind2=" ">
    <subfield code="t">El exilio en M&#xE9;xico / </subfield>
    <subfield code="r">Marisol Arg&#xFC;elles</subfield>
  </datafield>
  <datafield tag="505" ind1=" " ind2=" ">
    <subfield code="t">"Querid&#xED;simo Edward" ; "Mi Leonora adorada" / </subfield>
    <subfield code="r">Stefan van Raay</subfield>
  </datafield>
  <datafield tag="505" ind1=" " ind2=" ">
    <subfield code="t">El misterio de la Diosa Blanca / </subfield>
    <subfield code="r">Tere Arcq</subfield>
  </datafield>
  <datafield tag="505" ind1=" " ind2=" ">
    <subfield code="t">Descubriendo lo sagrado: religiones mundiales y mitos antiguos / </subfield>
    <subfield code="r">Terri Geis</subfield>
  </datafield>
  <datafield tag="505" ind1=" " ind2=" ">
    <subfield code="t">M&#xE9;xico: el espejo de lo maravilloso / </subfield>
    <subfield code="r">Tere Arcq</subfield>
  </datafield>
  <datafield tag="505" ind1=" " ind2=" ">
    <subfield code="t">El reino animal / </subfield>
    <subfield code="r">Susan L. Aberth</subfield>
  </datafield>
  <datafield tag="505" ind1=" " ind2=" ">
    <subfield code="t">El bestiario de Leonora / </subfield>
    <subfield code="r">Gabriel Weisz Carrington</subfield>
  </datafield>
  <datafield tag="505" ind1=" " ind2=" ">
    <subfield code="t">La imaginaci&#xF3;n en la narrativa de Leonora / </subfield>
    <subfield code="r">Marina Warner</subfield>
  </datafield>
  <datafield tag="505" ind1=" " ind2=" ">
    <subfield code="t">De historia, mito y transfiguraci&#xF3;n en celuloide de un imaginario fant&#xE1;stico / </subfield>
    <subfield code="r">Francisco Peredo Castro</subfield>
  </datafield>
  <datafield tag="505" ind1=" " ind2=" ">
    <subfield code="t">Una exorcista "ordinaria" / </subfield>
    <subfield code="r">Joanne Pottlitzer</subfield>
  </datafield>
  <datafield tag="505" ind1=" " ind2=" ">
    <subfield code="t">La historia perdida de las mujeres poderosas / </subfield>
    <subfield code="r">Gloria Orenstein</subfield>
  </datafield>
  <datafield tag="505" ind1=" " ind2=" ">
    <subfield code="t">Un gesto de asombro... / </subfield>
    <subfield code="r">Arturo L&#xF3;pez Gonz&#xE1;lez</subfield>
  </datafield>
  <datafield tag="600" ind1=" " ind2=" ">
    <subfield code="a">Carrington, Leonora,&#x200F; </subfield>
    <subfield code="d">1917-2011</subfield>
    <subfield code="v">Exposiciones</subfield>
    <subfield code="9">28584</subfield>
  </datafield>
  <datafield tag="650" ind1=" " ind2=" ">
    <subfield code="a">Arte</subfield>
    <subfield code="x">Pintura</subfield>
    <subfield code="x">Escultura</subfield>
    <subfield code="x">Dibujo</subfield>
    <subfield code="9">28585</subfield>
  </datafield>
  <datafield tag="942" ind1=" " ind2=" ">
    <subfield code="2">lcc</subfield>
    <subfield code="c">B</subfield>
  </datafield>
  <datafield tag="999" ind1=" " ind2=" ">
    <subfield code="c">10858</subfield>
    <subfield code="d">10858</subfield>
  </datafield>
  <datafield tag="952" ind1=" " ind2=" ">
    <subfield code="0">0</subfield>
    <subfield code="1">0</subfield>
    <subfield code="2">lcc</subfield>
    <subfield code="4">0</subfield>
    <subfield code="7">0</subfield>
    <subfield code="a">BRCA</subfield>
    <subfield code="b">BRCA</subfield>
    <subfield code="d">2022-10-04</subfield>
    <subfield code="l">0</subfield>
    <subfield code="o">N6537.C8 L46 2018</subfield>
    <subfield code="p">CONT10032</subfield>
    <subfield code="r">2022-10-04 00:00:00</subfield>
    <subfield code="w">2022-10-04</subfield>
    <subfield code="y">B</subfield>
  </datafield>
</record>
